The Lion, the witch and the wardrobe. (Record no. 111826)
[ view plain ]
| 000 -LEADER | |
|---|---|
| fixed length control field | 00415nam a2200157 a 4500 |
| 005 - DATE AND TIME OF LATEST TRANSACTION | |
| control field | 20140414131922.0 |
| 008 - FIXED-LENGTH DATA ELEMENTS--GENERAL INFORMATION | |
| fixed length control field | 101023s19uu xx 00 eng d |
| 020 ## - INTERNATIONAL STANDARD BOOK NUMBER | |
| International Standard Book Number | 060234814 |
| 050 ## - LIBRARY OF CONGRESS CALL NUMBER | |
| Classification number | FIC 813 |
| Item number | L673 1994 |
| 100 ## - MAIN ENTRY--PERSONAL NAME | |
| Personal name | Lewis,Clive Staples (C.S.) |
| 245 ## - TITLE STATEMENT | |
| Title | The Lion, the witch and the wardrobe. |
| 260 ## - PUBLICATION, DISTRIBUTION, ETC. (IMPRINT) | |
| Place of publication, distribution, etc | New York : |
| Name of publisher, distributor, etc | Harper Collins, |
| Date of publication, distribution, etc | 1994. |
| 300 ## - PHYSICAL DESCRIPTION | |
| Extent | 206 |
| 650 ## - SUBJECT ADDED ENTRY--TOPICAL TERM | |
| Topical term or geographic name as entry element | Fantasy. |
| Withdrawn status | Lost status | Damaged status | Home library | Current library | Shelving location | Date acquired | Source of acquisition | Total Checkouts | Full call number | Barcode | Date last seen | Price effective from | Koha item type |
|---|---|---|---|---|---|---|---|---|---|---|---|---|---|
| Munich Library | Munich Library | Fiction Section | 10/23/2010 | FIC 813 L673 1994 | M2728 | 04/14/2014 | 04/14/2014 | Books |